000 00943nam a2200253Ia 4500
003 OSt
005 20220923220508.0
006 a|||||r|||| 00| 0
007 ta
008 220922b |||||||| |||| 00| 0 hin d
024 _a186,989
037 _cTextual
040 _aARTS
_cARTS
_bhin
041 _2hin
_ahin
082 _aX72.2, 152M0
100 _aमिनोचा, विवेक सागर, संपा.
_9164275
245 0 _aभारत की कर व्यवस्था
246 _aBhārat kī kar vyavasthā
260 _aदिल्ली
_b विश्वविद्लाय हिन्दी माध्यम कार्यान्वय निदेशालय
_c1980
300 _a174 पृ.
_ccm.
650 _aअर्थशास्त्र
942 _hX72.2, 152M0
_cTEXL
_2CC
999 _c340232
_d340232